Normal view
MARC view
Entry Personal Name
001 - CONTROL NUMBER
- control field: 1038464
003 - CONTROL NUMBER IDENTIFIER
- control field: OSt
005 - DATE AND TIME OF LATEST TRANSACTION
- control field: 20260121160947.0
008 - FIXED-LENGTH DATA ELEMENTS
- fixed length control field: 260121|| aca||aabn | a|a d
040 ## - CATALOGING SOURCE
- Original cataloging agency: OSt
- Transcribing agency: OSt
100 ## - HEADING--PERSONAL NAME
- Personal name: Vivienne Bozalek; Brenda Leibowitz; Ronelle Carolissen; Megan Boler
670 ## - SOURCE DATA FOUND
- Source citation: Work cat.: (OSt)1605280: Vivienne Bozalek; Brenda Leibowitz; Ronelle Carolissen; Megan Boler , Discerning Critical Hope in Educational Practices
